000 01214nam a22003017a 4500
999 _c63791
_d63791
005 20240530110659.0
008 171225s2015 ua a g b 000 0dara d
017 _a2013/23325
_bمصر. دار الكتب
020 _a9789777185929
040 _aEG-CaGPL
_cEG-CaGPL
082 0 4 _221
_a305.8\
_bل ع
100 1 _aلوو ، ايان
245 1 2 _aالعنصرية والتعصب العرقى :
_bمن التمييز الى الابادة الجماعية /
_cتأليف ايان لوو ؛ ترجمة عاطف معتمد ، كرم عباس ، عادل عبدالحميد .
250 _aط.1
260 _aالقاهرة :
_bالمركز القومى للترجمة ،
_c2015 .
300 _a472 ص. ؛
_c24 سم.
490 _aالمركز القومى للترجمة ؛
_v2311
650 0 7 _2qrmak
_aالعنصرية
650 0 7 _2qrmak
_aالهجرة
650 0 7 _2qrmak
_aالعنف
650 0 7 _2qrmak
_aالتعصب الدينى
651 _2qrmak
700 0 _aعاطف معتمد
_eمترجم
700 0 _aكرم عباس
_eمترجم مشارك
700 0 _aعادل عبدالحميد
_eمترجم مشارك
942 _2ddc
_cBK